Obsah a štruktúra konkurenčnej výhody v globálnom podnikaní

Organizačná báza európskeho priemyslu. Silná sieť malých a stredných podnikov. Slabina európskeho priemyselného systému - nedostatočná inovačná schopnosť. Nedostatočná schopnosť premeniť technologické a vedecké znalosti. Technológie v európskom priemysle.

Salvato in:
Dettagli Bibliografici
Autore principale: Lesáková, Dagmar, 1949-
Natura: Capitolo di libro
Lingua:slovacco
Soggetti:
Tags: Aggiungi Tag
Nessun Tag, puoi essere il primo ad aggiungerne!!

MARC

LEADER 00000naa$a2200000$$$4500
001 0080676
005 20240502083217.8
041 0 |a slo 
044 |a CZ 
245 1 0 |a Obsah a štruktúra konkurenčnej výhody v globálnom podnikaní  |c Dagmar Lesáková 
520 |a Organizačná báza európskeho priemyslu. Silná sieť malých a stredných podnikov. Slabina európskeho priemyselného systému - nedostatočná inovačná schopnosť. Nedostatočná schopnosť premeniť technologické a vedecké znalosti. Technológie v európskom priemysle. 
610 2 0 |a konkurencia 
610 2 0 |a výhody konkurenčné 
610 2 0 |a priemysel 
610 2 0 |a technológie informačné 
610 2 0 |a technológie nové 
610 2 0 |a inovácia 
610 2 0 |a vedomosti 
610 2 0 |a podnik malý 
610 2 0 |a podnik stredný 
610 2 0 |a Európa 
100 1 |a Lesáková, Dagmar, 1949-